000 00384nam a2200145Ia 4500
008 090124s9999 xx 000 0 und d
082 _b2712
245 _a जीवनाची वाटचाल
250 _a200
260 _c1973
300 _a88
630 _a जीवनाची वाटचाल
730 _a जीवनाची वाटचाल
942 _cBOOK
999 _c82571
_d82571